LEADER 00465nab a2200145 i 4500 001 000000280340 003 CaOOAMICUS 005 20180831165141.0 008 180831n xx uu u0 0und r 013 $a32184 040 $aSeMil$bita 245 10$a[vedi periodico]. 500 $aDicembre 2013, inserto redazionale. 773 0 $aTazartes, Maurizia$tDosso Dossi.$dFirenze : Giunti, 2013.$z978-88-09-78253-2$w()225695 996 $6245$a[vedi periodico]$9(OLS)http://semarc/title/309439 LEADER 00767naa a2200145 i 4500 001 000000300811 003 CaOOAMICUS 005 20180831172710.0 008 180831n xx u000 u und u 013 $a8533 040 $aSeMil$bita 100 1 $aTonelli, Riccardo .$0(OLS)http://semarc/name/16106 245 10$aPer una educazione integrale della coscienza europea :$buna prospe . Roma : LAS, copyr. 1985. (Biblioteca di scienze religiose ; 67) 773 0 $tCultura europea tra crisi e speranza.$dRoma : LAS, copyr. 1985.$kBiblioteca di scienze religiose $z88-213-0107-9$w()34888 996 $6245$aPer una educazione integrale della coscienza europea :$buna prospe . Roma : LAS, copyr. 1985. (Biblioteca di scienze religiose ; 67)$9(OLS)http://semarc/title/376827